| 000 | 00554nam a22001697a 4500 | ||
|---|---|---|---|
| 003 | UA-OsUOA | ||
| 001 | 19838 | ||
| 007 | ta | ||
| 008 | 20040928b un ||||| |||| 00| 0 ukr d | ||
| 942 | _cSA | ||
| 040 |
_aUA-OsUOA _cUA-OsUOA _dUA-OsUOA |
||
| 245 |
_aПам'яті колеги _b[Про доц. Рівнен. держ. гуманіт. у-ту, канд. філолог. наук С.В. Бабича] |
||
| 300 | _aС.7 | ||
| 955 | _a0 | ||
| 773 | 0 |
_w0 _tНова Волинь _dРівне _d2004 _g№37/16 верес./ |
|
| 650 | 7 |
_aБабич С.В. _2UDC |
|
| 999 |
_c306011 _d306011 |
||